000 00618nam a2200217 a 4500
001 BRCA_4033
005 20190320204524.0
008 080210s1853----gw-a######---#000-0#ger-#
041 _ager
044 _agw
050 4 _aF1213
_b.H45 1853
100 1 _aHeller, Karl Bartholomaeus
_910481
245 1 0 _aReisen in Mexiko in den Jahren 1845-1848
_cVon Carl Bartholomaeus Heller.
260 _aLeipzig, Alemania
_bW. Engelmann
_c1853
300 _aXXIV, 207 p.
_bil
_c23 cm
500 _aC118
650 1 4 _aViajeros alemanes
_97026
651 4 _aMéxico
_xDescripción y viajes
_9103
902 _aGFM
942 _2lcc
_cB
999 _c3757
_d3757